000 00562nam a2200181Ia 4500
005 20250508151642.0
008 008 250505s9999 xx 000 0 eng d
037 _aTextual
040 _aFEDL
_beng
_cFEDL
041 _aeng
_2eng
084 _a378.4274, CHA
_qFEDL
100 _aChapman Arthur W
_9759677
245 4 _aThe story of a modern university: A history of the university of sheffield
260 _aLondon, UK
_bOxford University Press
_c1955
300 _axvi,551p.
942 _cTEXL
_h378.4274, CHA
999 _c1331167
_d1331167